| 000 | 00481nam a22001457a 4500 | ||
|---|---|---|---|
| 005 | 20231214131505.0 | ||
| 008 | 231214b |||||||| |||| 00| 0 eng d | ||
| 082 |
_a629.13 _bAIR-B |
||
| 245 |
_aATA-32A: Landing Gear-Monitoring and Indicating (level-3): _bTraining Manual-Aviation,B1.1 Type Course, _cSuperior Aviation Training Center(SATC) |
||
| 260 |
_aPakistan _bSATC |
||
| 300 | _a20 | ||
| 500 | _aAirbus A318/A319/A320/A321(CFN56/IAE V2500) | ||
| 650 | _aAviation | ||
| 999 |
_c34920 _d34920 |
||